[Event "POR-ch U18"]
[Site "Torres Vedras"]
[Date "2011.04.13"]
[Round "6"]
[White "Ulyanovskyy, Vladimir Viktorovic"]
[Black "Goulao, Goncalo Jose Franci"]
[Result "1-0"]
[WhiteElo "2056"]
[BlackElo "1871"]
[PlyCount "45"]
[EventDate "2011.04.10"]
[EventType "swiss"]
[EventRounds "7"]
[EventCountry "POR"]
[SourceTitle "CBM 141 Extra"]
[Source "ChessBase"]
[SourceDate "2011.05.03"]
[SourceVersion "1"]
[SourceVersionDate "2011.05.03"]
[SourceQuality "1"]

1. e4 c5 2. Nf3 Nc6 3. c4 g6 4. d4 cxd4 5. Nxd4 Bg7 6. Be3 Nf6 7. Nc3 0-0 8. Be2 d6 9. Qd2 a6 10. 0-0 Qa5 11. f3 Nxd4 12. Bxd4 Be6 13. Rfd1 Rfc8 14. b3 Nd7 15. Bxg7 Kxg7 16. Rac1 Qc5+ 17. Kh1 h5 18. f4 Nf6 19. Na4 Qa7 20. Bf3 Ng4 21. c5 dxc5 22. f5 Rd8 23. Qb2+ 1-0